Jayashree Chakravarty (Record no. 240790)

MARC details
000 -LEADER
fixed length control field 00275pam a2200121 a 4500
020 ## - INTERNATIONAL STANDARD BOOK NUMBER
Terms of availability
041 ## - LANGUAGE CODE
Language code of original
082 ## - DEWEY DECIMAL CLASSIFICATION NUMBER
Classification number 708
Item number CHA
245 ## - TITLE STATEMENT
Title Jayashree Chakravarty
Medium Textual Documents
260 ## - PUBLICATION, DISTRIBUTION, ETC.
Place of publication, distribution, etc. [s.l]:
Name of publisher, distributor, etc. Vadhera Art Gallery , Delhi
300 ## - PHYSICAL DESCRIPTION
Extent 38:
Other physical details paper.
930 ## - EQUIVALENCE OR CROSS-REFERENCE-UNIFORM TITLE HEADING [LOCAL, CANADA]
Uniform title 7000
Holdings
Withdrawn status Lost status Damaged status Not for loan Collection Home library Current library Date acquired Source of acquisition Total Checkouts Full call number Barcode Date last seen Copy number Price effective from Koha item type
          College of Fine Arts, Pune College of Fine Arts, Pune 10/12/2015 Bhararti Sahakari Grahak Bhandar   708 CHA FAP-7440 07/03/2023 1 07/03/2023 Book